Geografia europea con la lettera U - Statistics

Statistiche generali
  • Questo quiz è stato fatto 162 volte
  • Il punteggio medio è 8 su 12
Statistiche sulle risposte
DOMANDA RISPOSTA % Corretto
Unica regione sotto il Po a non avere il mare Umbria
100%
Città friulana Udine
99%
Popolo, capeggiato da Attila, che si stanziò nei Balcani Unni/Unno
96%
Catena montuosa russa che simbolicamente sancisce la fine dell'Europa a est Urali
93%
Organizzazione politica ed economica che comprende gran parte dei Paesi europei UE/Unione Europea
83%
Città nei Paesi Bassi famosa per i canali e la Dom Tower Utrecht
69%
Vi nacque Raffaello e fu governata dalla casata dei Montefeltro Urbino
67%
Isola italiana nel Mar Tirreno nota per una strage dovuta ad una caduta di un aereo Ustica
67%
Così era conosciuta Roma universalmente ai tempi dell'Impero Urbe
54%
Città tedesca che ospita la cattedrale con il campanile più alto del mondo Ulm
45%
Regione storica dell'Irlanda del Nord Ulster
40%
Città svedese con una delle università più antiche del Nord Europa Uppsala
34%
Nessun quiz corrispondente trovato
Distribuzione punteggi
Percentuale di utenti per punteggio
Percentile per numero di risposta
I tuoi punteggi nel tempo
Non hai fatto questo quiz